Statistics for Cities on the Great Lakes by a Clue

Click here to take the quiz!

General Stats

  • This quiz has been taken 272 times
  • The average score is 13 of 20

Answer Stats

ClueLetterCity% Correct
Al Capone was the boss of this city's mafia named "Outfit"CChicago
98%
CN Tower is its tallest structureTToronto
98%
Its name is the French word for "strait"DDetroit
92%
Ohio's fourth largest city that is named for a city in SpainTToledo
86%
"The Mistake on the Lake" that is home to the Rock & Roll Hall of FameCCleveland
82%
Smallest city that is home to an NFL teamGGreen Bay
77%
Pennsylvania's main city on the Great LakesEErie
72%
The fourth-most visited city in Canada, it shares its name with an American city
on the other side of the river
NNiagara Falls
72%
Major Canadian city located on the other side of the aboveWWindsor
70%
Minnesota's main port city on Lake SuperiorDDuluth
67%
Where the "Happy Days" was setMMilwaukee
67%
The U.S. President William McKinley was assassinated hereBBuffalo
64%
Where the Jackson family are fromGGary
59%
This city at the western tip of Lake Ontario is part of Canada's "Golden Horseshoe"HHamilton
56%
Where the companies "Bausch & Lomb", "Kodak" and "Xerox" were foundedRRochester
56%
Biggest Canadian city on Lake SuperiorTThunder Bay
49%
Home to the busiest airport of CanadaMMississauga
41%
Is located on an island with namesake of the bridge between Michigan's two partsMMackinac City
39%
Where Jabob Blake was shot and seriously injuredKKenosha
31%
Michiganian city that hosts the "National Cherry Festival" annuallyTTraverse City
28%

Score Distribution

Percentile by Number Answered

Percent of People with Each Score

Your Score History

You have not taken this quiz